| 000 | 00715nam a2200205 a 4500 | ||
|---|---|---|---|
| 005 | 20230601063718.0 | ||
| 008 | 991125s1994 mx 000 0 spa u | ||
| 020 | _a9700305783 | ||
| 035 | _aUPN01000017253 | ||
| 049 | _aLT | ||
| 050 | 4 |
_aLB1584 M6.5 _bE39 1994 |
|
| 245 | 0 | 0 |
_aEducación cívica 5o. / _cbajo la dir. de José P. Berrum de Labra |
| 260 |
_aMéxico : _bFernández, _c1994 |
||
| 300 |
_a117 p. : _bil., fots. col. |
||
| 500 | _a"De acuerdo con los contenidos básicos del programa para la modernización educativa elaborado por la SEP" | ||
| 650 | 4 |
_aCivismo _xEstudio y enseñanza (Elemental) _92807 |
|
| 700 | 1 |
_aBerrum de Labra, José P., _edir. _934857 |
|
| 904 |
_aAC _b017254 |
||
| 905 | _aLibro | ||
| 999 |
_c17253 _d17253 |
||